Statistiques concernant Culture Générale - Série 2601 - Spécial Littérature française

Cliquez ici pour prendre le quiz!

Statistiques générales

  • Ce quiz a été pris 428 fois
  • Le résultat moyen est 17 sur 32

Statistiques - réponses

TitreAuteurRéponse% Correct
Au bonheur des _____Emile Zoladames
94%
Les _____ dangereusesChoderlos De Laclosliaisons
93%
Madame ____Gustave FlaubertBovary
92%
La princesse de ____Madame de La FayetteClèves
84%
Poil de ____Jules Renardcarotte
83%
La condition ____André Malrauxhumaine
83%
Le deuxième ----Simone de Beauvoirsexe
79%
Vipère au ____Hervé Bazinpoing
77%
La guerre des _____Louis Pergaudboutons
76%
____ le fataliste et son maîtreDenis DiderotJacques
66%
Bonjour ____Françoise Sagantristesse
64%
Le grand ____Alain FournierMeaulnes
60%
La bicyclette ____Régine Deforgesbleue
54%
Le ____ sur le toitJean Gionohussard
54%
Le colonel ____Honoré de BalzacChabert
48%
Le blé en ____Coletteherbe
48%
Pierre et _____Guy de MaupassantJean
45%
Le temps ____Marcel Proustretrouvé
45%
_____d'un curé de campagneGeorges Bernanosjournal
44%
L'herbe ____Boris Vianrouge
43%
Michel ____Jules VerneStrogoff
42%
Un barrage contre le ____Marguerite DurasPacifique
35%
La petite ____George SandFadette
34%
Les caves du _____André GideVatican
34%
Les travailleurs de la ____Victor Hugomer
31%
Le petit ____Alphonse Daudetchose
30%
Pêcheur d'____Pierre LotiIslande
28%
Le soulier de ____Paul Claudelsatin
28%
Les semailles et les ____Henri Troyatmoissons
20%
Les chemins de la ____Jean-Paul Sartreliberté
17%
____ LeuwenStendhalLucien
17%
Le baiser au _____François Mauriaclépreux
11%

Distribution des résultats

Percentile par nombre de réponses

% des personnes avec chaque résultat

Votre développement - résultats

Vous n’avez pas pris ce quiz